000 00647nam a2200277Ia 4500
005 20260324150449.0
008 008 260324s9999 xx 000 0 eng d
020 _a9780429056871
037 _aEBOOK
040 _aCRL
040 _beng
040 _cCRL
041 _2eng
041 _aeng
084 _qCRL
100 _aKarl Julius Holznecht
_91226507
245 0 _aLiterary Patronage in The Middle Ages
260 _bTaylor and Francis
260 _c1966
365 _a
365 _b170
856 _uhttp://www.taylorfrancis.com/books/9780429056871
942 _cEBOOK
999 _c1835995
_d1835995